Statistiques concernant Frontières de la Birmanie avec une carte.

Cliquez ici pour prendre le quiz!

Statistiques générales

  • Ce quiz a été pris 6 778 fois
  • Le résultat moyen est 5 sur 5

Réponses sur la Carte

Les réponses sont colorées sur une échelle allant du rouge au vert en fonction du pourcentage des utilisateurs qui les ont devinées à leur premier essai. Vous pouvez retrouver ces pourcentages ci-dessous.
 

Statistiques - réponses

Pays% Correct
Chine
96%
Laos
96%
Thailande
96%
Inde
95%
Bangladesh
89%

Distribution des résultats

Percentile par nombre de réponses

% des personnes avec chaque résultat

Votre développement - résultats

Vous n’avez pas pris ce quiz